| 000 | 02973cam a2200421 a 4500 | ||
|---|---|---|---|
| 001 | 6866141 | ||
| 005 | 20170105102937.0 | ||
| 008 | 080116s2009 nyu b 001 0 eng | ||
| 010 | _a 2008002207 | ||
| 020 | _a9780415432269 (hardback : alk. paper) | ||
| 020 | _a041543226X (hardback : alk. paper) | ||
| 020 | _a9780415432276 (pbk. : alk. paper) | ||
| 020 | _a0415432278 (pbk. : alk. paper) | ||
| 020 | _a9780203894194 (ebook : alk. paper) | ||
| 020 | _a0203894197 (ebook : alk. paper) | ||
| 035 | _a(OCoLC)ocn191207246 | ||
| 035 | _a(OCoLC)191207246 | ||
| 035 | _a(NNC)6866141 | ||
| 040 |
_aDLC _cDLC _dBAKER _dYDXCP _dBTCTA _dBWK _dOCLCG _dOrLoB-B |
||
| 050 | 0 | 0 |
_aJZ5588 _b.R49 2009. |
| 082 | 0 | 0 |
_a355.033 _222 _bRET 2008 |
| 245 | 0 | 0 |
_aRethinking insecurity, war and violence : _bbeyond savage globalization? / _cedited by Damian Grenfell and Paul James. |
| 260 |
_aNew York, NY : _bRoutledge, _c2009. |
||
| 263 | _a0807 | ||
| 300 |
_a233 p. ; _c24 cm. |
||
| 490 | 1 |
_aRethinking globalizations ; _v15 |
|
| 504 | _aIncludes bibliographical references and index. | ||
| 505 | 0 | 0 |
_gPt. I. _tGlobalizing insecurity -- _g1. _tDebating insecurity in a globalizing world: an introduction / _rDamian Grenfell and Paul James -- _g2. _tGlobalization and the changing face of war / _rPaul James and Jonathan Friedman -- _g3. _tGlobalization and the limits of current security paradigms / _rRonaldo Munck -- _g4. _tGlobal capitalism and the production of insecurity / _rJames Goodman -- _gPt. II. _tReconceptualizing security -- _g5. _tNew wars and the therapeutic security paradigm / _rMichael Humphrey -- _g6. _tBeyond the construction of consent in the War on Terror / _rKirsty Best -- _g7. _tEnvironmental security, climate change, and globalizing terrorism / _rRobyn Eckersley -- _g8. _tRecasting Western knowledges about (postcolonial) security / _rPhillip Darby -- _gPt. III. _tRethinking localized transnational conflicts -- _g9. _tZones of conflict and the global War on Terror / _rMartin Griffiths -- _g10. _tPolitical regimes in Southeast Asia and the War on Terror / _rGarry Rodan -- _g11. _tInsecurity, risk, identity and violence in Kosovo / _rJohn Tulloch -- _g12. _tBeyond Ethnocracy and conflict in Israel/Palestine? / _rOren Yiftachel -- _gPt. IV. _tRenewal in the aftermath of violence -- _g13. _tGovernance: rule and reconstruction after war / _rRichard Caplan -- _g14. _tReconciliation: violence and nation formation in Timor-Leste / _rDamian Grenfell -- _g15. _tRecovery: taming the rwa bhineda after the Bali bombings / _rJeff Lewis and Belinda Lewis -- _g16. _tResilience: wantoks, transnational traders and global politics / _rJohn Handmer and Wei Choong. |
| 650 | 0 | _aSecurity, International. | |
| 650 | 0 | _aPolitical violence. | |
| 650 | 0 | _aGlobalization. | |
| 700 | 1 | _aGrenfell, Damian. | |
| 700 | 1 |
_aJames, Paul _q(Paul Warren), _d1958- |
|
| 830 | 0 |
_aRethinking globalizations ; _v15. |
|
| 900 | _bTOC | ||
| 942 |
_2ddc _cBK |
||
| 948 | 1 |
_a20080827 _bc _csds12 _dMPS |
|
| 999 |
_c16312 _d16312 |
||